000 00920cam a2200277 a 4500
008
020 _a9780470472088 (hbk.)
049 _aMAIN
090 _aTK1005
_bECO
245 0 0 _aEconomic market design and planning for electric power systems /
_cedited by James Momoh and Lamine Mili.
260 _aHoboken :
_bWiley,
_cc2010.
300 _axvi, 292 p. :
_bill. ;
_c25 cm.
490 1 _aIEEE Press series on power engineering.
500 _aIncludes index.
504 _aIncludes bibliographical references.
650 0 _aElectric power systems
_xPlanning.
650 0 _aElectric power systems
_xCosts
_xEconometric models.
650 0 _aElectric utilities
_xMarketing.
700 1 _aMomoh, James A.
700 1 _aMili, Lamine.
907 _a.b10332601
_b14-06-13
_c07-06-13
003
005 20230123122015.0
040 _cNUST
942 _cBOOKS
_kTK1005
_mECO
999 _c126201
_d126201